Random Indonesian to English Words #2 - Statistics

General Stats
  • This quiz has been taken 40 times
  • The average score is 10 of 15
Answer Stats
Indonesian (Bahasa) English % Correct
Sepuluh Ten
97%
Pantai Beach
90%
Sapi Cow
86%
Burung Bird
83%
Marah Angry
79%
Madu Honey
76%
Utara North
76%
Salju Snow
76%
Mulai Start
76%
Selatan South
72%
Terbang Fly
69%
Berdoa Pray
62%
Bawa Bring
59%
Uji Coba Test
24%
Mungkin Might
14%
No matching quizzes found
Score Distribution
Percent of People with Each Score
Percentile by Number Answered
Your Score History
You have not taken this quiz